Verbs by Emojis - Statistics

General Stats
  • This quiz has been taken 31 times
  • The average score is 10 of 15
Answer Stats
Emoji Answer % Correct
πŸƒβ€β™€οΈ Run
97%
πŸ„β€β™€οΈ Surf
97%
πŸ’ƒ Dance
93%
πŸŠβ€β™‚οΈ Swim
87%
πŸ§—β€β™€οΈ Climb
80%
πŸ‘©β€πŸŽ¨ Paint
80%
πŸ‘¨β€πŸ« Teach
70%
πŸš΄β€β™‚οΈ Bike
67%
πŸ€Ήβ€β™‚οΈ Juggle
67%
πŸ‘¨β€πŸŽ€ Sing
57%
πŸ€Όβ€β™€οΈ Fight
53%
πŸ€Ύβ€β™€οΈ Throw
40%
πŸ§Žβ€β™€οΈ Sit
30%
πŸŒοΈβ€β™€οΈ Hit
27%
πŸ‡ Horse Riding
20%
No matching quizzes found
Score Distribution
Percent of People with Each Score
Percentile by Number Answered
Your Score History
You have not taken this quiz